000 00246nam a2200109Ia 4500
008 190216s9999||||xx |||||||||||||| ||und||
100 _aPerumpatavam Sreedharan
245 0 _aAbayam
260 _bCurrent Books
650 _aMalayalam
942 _cBK
999 _c26147
_d26147